00551nam a2200205Ia 4500003000900000005001700009008004100026040001300067040001300080041000800093100002100101100000900122245007100131250001100202260001200213260000900225300001200234490000600246600009300252IT-RoPAU20220918175532.0120407s9999 xx 000 0 und d aIT-RoPAU cIT-RoPAU aita aArmando Guidetti cs.j. aL’Apologia di Gesù nei Vangeli. Introd. e note di A. Guidetti. aMilano aLetture c1953 c21,5 cm v4 a" 1. Gesù Messia. 2. Gesù Dio. 3. Gesù Salvatore. 4. Gesù Figlio di Dio."